| 000 | 00742nam a2200241 i 4500 | ||
|---|---|---|---|
| 001 | 72225 | ||
| 003 | ES-MaACL | ||
| 005 | 20250822032618.0 | ||
| 007 | t| | ||
| 008 | 040827s1977 sp ||||1| spa d | ||
| 020 | _a84-253-0883-6 | ||
| 080 | _a159.922(04) | ||
| 100 | 1 |
_aGillie, Oliver. _956974 |
|
| 245 | 1 | 1 |
_a¿Quién cree usted que es? / _cOliver Gillie ; [traducido por José Chabás]. |
| 260 |
_aBarcelona : _bGrijalbo, _c[1977] |
||
| 300 |
_a342 p. ; _c20 cm. |
||
| 490 | 1 |
_aEdibolsillo paperback ; _v140 |
|
| 650 | 7 |
_aPsicología genética _2embne _916566 |
|
| 700 | 1 |
_aChabás Bergón, José. _937726 |
|
| 830 | 1 |
_aEdibolsillo paperback ; _v140 _9184391 |
|
| 852 |
_aES-MaACL _jA-7461 |
||
| 999 |
_c72225 _d72225 |
||